岡山車両区213系駅名対照表 - Statistics

General Stats
  • This quiz has been taken 26 times
  • The average score is 25 of 56
Answer Stats
Hint Answer % Correct
10 岡山
100%
16 高松
94%
23 宇野
94%
01 回送
82%
32 倉敷
82%
07 快速
76%
25 茶屋町
76%
33 福山
76%
51 播州赤穂
76%
57 新見
76%
68 姫路
76%
02 試運転
71%
03 臨時
71%
34 糸崎
71%
35 三原
71%
39 広島
71%
04 団体
65%
06 普通
65%
21 相生
65%
22 児島
65%
20 西大寺
59%
28 多度津
59%
26 琴平
53%
29 上郡
53%
40 岩国
53%
56 備中高梁
53%
30 三石
47%
38 西条
47%
42
47%
52 日生
47%
53 備前片上
47%
27 観音寺
41%
31 和気
41%
37 白市
41%
41 下関
41%
54 長船
41%
64 東岡山
41%
18 万富
35%
19 瀬戸
35%
36 本郷
24%
65 吉永
24%
11 快速岡山
12%
17 快速高松
12%
24 快速宇野
0%
43 呉線経由広島
0%
44 呉線経由岩国
0%
45 呉線経由下関
0%
46 呉線経由岡山
0%
47 呉線経由糸崎
0%
48 呉線経由三原
0%
49 赤穂線経由姫路
0%
50 赤穂線経由相生
0%
55 赤穂線経由岡山
0%
62 快速三原
0%
66 赤穂線経由備中高梁
0%
67 赤穂線経由新見
0%
No matching quizzes found
Score Distribution
Percent of People with Each Score
Percentile by Number Answered
Your Score History
You have not taken this quiz